[Event "1st New York Masters"]
[Site "New York"]
[Date "2002.03.19"]
[Round "3"]
[White "Bonin, Jay R"]
[Black "Shahade, Gregory"]
[Result "0-1"]
[WhiteElo "2380"]
[BlackElo "2515"]
[Annotator "Shahade, G"]
[PlyCount "58"]
[EventDate "2002.03.19"]
[SourceDate "2002.01.21"]

1. d4 Nf6 2. c4 g6 3. Nc3 d5 4. cxd5 Nxd5 5. e4 Nxc3 6. bxc3 Bg7 7. Nf3 c5 8.
Bb5+ Nc6 9. O-O O-O 10. Bxc6 bxc6 11. Ba3 cxd4 12. Nxd4 c5 13. Bxc5 Qc7 14. Nb3
$4 Ba6 15. Re1 Bxc3 16. Rc1 Bxe1 17. Qxe1 Rfd8 18. Qb4 Rd7 19. g3 Rad8 20. h4
Rd1+ 21. Rxd1 Rxd1+ 22. Kh2 Qd7 23. Bxe7 Bc8 24. Kg2 Rd3 25. Kf1 Qh3+ 26. Ke2
Ba6 27. Qa4 Qg4+ 28. Kf1 Rxg3+ 29. Qxa6 Rg1# 0-1

[Event "1st New York Masters"]
[Site "New York"]
[Date "2002.03.19"]
[Round "3"]
[White "Privman, Boris"]
[Black "Furdzik, Rafal"]
[Result "1-0"]
[WhiteElo "2223"]
[BlackElo "2249"]
[PlyCount "65"]
[EventDate "2002.03.19"]
[SourceDate "2002.01.21"]

1. d4 Nf6 2. c4 e6 3. Nc3 Bb4 4. g3 O-O 5. Bg2 d5 6. cxd5 exd5 7. Nf3 Re8 8.
O-O c6 9. Bg5 h6 10. Bf4 Bd6 11. Qc2 Bxf4 12. gxf4 Ne4 13. Nxe4 dxe4 14. Ne5 f6
15. Nc4 b5 16. Ne3 Qxd4 17. Rfd1 Qb4 18. a3 Qe7 19. Bxe4 Bh3 20. Bg6 Rf8 21.
Bf5 Bxf5 22. Qxf5 a5 23. Rd4 Ra7 24. Rad1 Re8 25. Qg4 Kh7 26. Rd6 Rc7 27. h4
Qf7 28. h5 Rce7 29. Rd8 f5 30. Nxf5 Rxe2 31. Rxe8 Rxe8 32. Nd6 Qe6 33. f5 1-0

[Event "1st New York Masters"]
[Site "New York"]
[Date "2002.03.19"]
[Round "3"]
[White "Sarkar, Justin"]
[Black "Rao, Vivek"]
[Result "1-0"]
[WhiteElo "2382"]
[BlackElo "2435"]
[Annotator "Rao, V"]
[PlyCount "61"]
[EventDate "2002.03.19"]
[SourceDate "2002.01.21"]

1. e4 c5 2. Nf3 d6 3. d4 cxd4 4. Nxd4 Nf6 5. Nc3 Nc6 6. Bg5 e6 7. Qd2 a6 (7...
h6 $6 8. Bxf6 gxf6 $14 (8... Qxf6 $2 9. Ndb5 $16)) 8. O-O-O h6 (8... Bd7 9. f4
b5 10. Bxf6 gxf6 $14 (10... Qxf6 $2 11. e5 $1 dxe5 12. Ndxb5 $16)) 9. Bf4 (9.
Be3 {is most common, with a possible continuation} Bd7 10. f4 b5 11. Bd3 Be7
12. Kb1 O-O 13. h3 Nxd4 14. Bxd4 Bc6 15. Qe3 Qc7 $13) (9. Nxc6 $5 bxc6 10. Bf4
d5 11. Qe3 {has scored well recently. White has pressure along the central
files, and if Black castles king side, the Bxh6 sac is often strong.
Ponomariov - Bu Xiangzhi, Lausanne 2001 continued} Qa5 12. Be2 Bb4 13. Be5 dxe4
14. Qg3 Bxc3 15. Bc7 $1 Bxb2+ 16. Kxb2 Qb4+ 17. Ka1 Nd5 18. Qxg7 $16) 9... Bd7
(9... Nxd4 $2 10. Qxd4 e5 11. Bxe5 $18) 10. Nxc6 Bxc6 11. f3 (11. Bxd6 Bxd6 12.
Qxd6 Qxd6 13. Rxd6 Bxe4 $1 $11) 11... d5 12. Qe1 Bb4 13. a3 Ba5 14. b4 (14. Bd2
Rc8 $11 {is more common}) (14. exd5 $5 Nxd5 15. b4 Nxf4 16. Rxd8+ Bxd8 $44 {
is a Queen sacrifice considered equal by theory}) 14... Bb6 15. exd5 Bxd5 (
15... Nxd5 $2 16. Nxd5 Bxd5 17. c4 Qf6 18. Be5 Qg6 19. Bd3 $18) 16. Nxd5 Nxd5
17. Qg3 ({here} 17. c4 {is only equal because of} Qf6 18. Be5 Be3+ $1) 17...
O-O 18. c4 (18. Be5 $13 {Salov} f6 19. Bd6 (19. Bf4 Qc8 {intending ...Be3+} 20.
Bxh6 Be3+ 21. Bxe3 Nxe3 $17 22. Rd2 $2 Qc3 $19) 19... Bf2 $1 20. Qxf2 Qxd6 21.
c4 Rac8 $17) 18... Qc8 (18... Nxf4 $5 {a queen sac recommended by Shirov} 19.
Rxd8 Bxd8 $1 $44 {Shirov; the opposite color bishops and the loose pawn
position in front of White's king give Black some attacking chances} (19...
Be3+ 20. Rd2 Rfd8 21. Qe1 Bxd2+ 22. Qxd2 $14)) (18... Bc7 19. Bxc7 Qxc7 20.
Qxc7 Nxc7 21. Rd7 $16) (18... Rc8 19. Kb2 Bc7 20. Be5 Bxe5+ 21. Qxe5 Qf6 22.
Qxf6 $14 {White has a bishop vs. a knight in an open position, and can more
easily create a passed pawn.}) 19. Be5 (19. Bxh6 Be3+ 20. Kb2 Bxh6 21. cxd5 a5
$1 $17 {Anand; after ...g6 and ...Bg7+ Black will have a winning attack}) (19.
Bd6 Rd8 20. Bd3 a5 21. Be5 f6 $19 22. Ba1 (22. Qg6 fxe5 23. Qh7+ Kf8 24. Bg6
Qxc4+ $19) 22... axb4 23. Qg6 Nf4 24. Qh7+ Kf7 25. Bc2 Qxc4 26. Rxd8 Rxd8 {
0-1 A. Martin - Ser, Hastings Challengers 1990}) 19... f6 20. Bd6 (20. Bd4 a5
$17 21. Kb1 (21. b5 Bxd4 22. Rxd4 Qc5 $19) 21... Bxd4 22. Rxd4 axb4 23. cxd5
Rxa3 24. Bc4 (24. Rc4 Qa8 $19) 24... b5 {with a winning attack}) 20... Rd8 21.
Rxd5 (21. Bf4 Ne3 $19) (21. c5 Ne3 (21... a5 22. Rxd5 {transposes to the game})
22. Bd3 Nxd1 23. Rxd1 a5 24. Qg6 Rxd6 25. Qh7+ Kf8 $19 {
sacrificing the Bd6 does not work if the Qc8 is protected by the Ra8}) 21...
exd5 (21... Be3+ 22. Rd2 e5 23. Qe1 $1 $16) 22. c5 a5 (22... Qf5 $5 {
recommended by Asa Hoffman} 23. cxb6 Rxd6 $1 (23... Rac8+ 24. Bc7 $16) 24. Qxd6
Rc8+ 25. Kd2 Qc2+ 26. Ke3 Qc1+ 27. Kf2 Rc2+ 28. Kg3 Qg5+ $11 {
with perpetual check}) ({simply} 22... Ba7 23. Bd3 (23. Be7 Rd7 24. Bxf6 Bxc5 (
24... b6 25. Bd3 Qc6 26. Be5 bxc5 $19)) 23... Bb8 $17 {
seems better for Black, eliminating one of the bishops.} 24. Qg6 Bxd6 25. Qh7+
Kf8 26. Bg6 Bf4+ 27. Kd1 Qe6 $19) 23. Bd3 axb4 24. axb4 Ra1+ 25. Kb2 (25. Bb1
Qa8 26. Qg6 Rxd6 27. cxd6 Qa3+ 28. Kd1 Qb3+ 29. Ke2 Qb2+ 30. Bc2 Qe5+ $19) (25.
Kd2 $2 Ra2+ {
wins. It is more important to neutralize the Bd3 than gobble a rook.}) 25...
Rxh1 26. Qg6 Rxd6 (26... f5 27. Be5 $1 ({after} 27. Bxf5 Qa8 28. Qh7+ Kf7 29.
Bg6+ Ke6 {White must give perpetual check.}) 27... Qd7 28. Bxf5 {
The Q + 2B have frightening power here.} Qe7 29. Qh7+ Kf8 (29... Kf7 30. Qxg7+
Ke8 31. Qg8+ {transposes to 29...Kf8}) 30. Qh8+ Kf7 31. Qxg7+ Ke8 32. Qg8+ Qf8
33. Bg6+ Kd7 (33... Ke7 34. Bd6+ $18) 34. Qxd5+ Kc8 35. Qe6+ Rd7 36. Qxb6 (36.
Be8 Qe7 (36... Rhd1 37. Bxd7+ Rxd7 38. Qxb6 $14) 37. Qxd7+ Qxd7 38. Bxd7+ Kxd7
39. cxb6 Re1 40. Bf4 $11) 36... Qe7 37. f4 Qd8 (37... Qh4 38. c6 $1 $18) (37...
Rd2+ 38. Kc3 Qd7 39. Bf5 $1 $18) 38. Qe6 (38. Qa7 Rd2+ 39. Ka3 Rd3+ 40. Bxd3
Qxd3+ 41. Ka4 Qc2+ 42. Ka5 Ra1+ 43. Bxa1 Qa2+ 44. Kb6 Qe6+ 45. Ka5 (45. c6 $4
Qe3+ $19) 45... Qa2+ $11 {pepetual check}) 38... Qe7 (38... Rxh2 39. Be4 $18 {
intending 40.c6}) 39. Qh3 $18 {intending 40.Qa3 or 40.Bf5}) 27. Qh7+ Kf7 28.
Bg6+ Ke7 (28... Kf8 29. Qh8+ $18) 29. Qxg7+ Kd8 (29... Ke6 30. Bf5+ $1 (30.
Bf7+ $2 Ke5 31. Qg3+ Kd4 32. Qf4+ Kd3 $19 {and the King escapes!}) 30... Kxf5
31. Qg4+ Ke5 32. Qxc8 Rd8 (32... Bxc5 33. bxc5 Ra6 34. Qxb7 $16) 33. Qxb7 $14
Rxh2 (33... Bxc5 $2 34. Qc7+ $18) 34. Qg7 $1 Bxc5 35. Qg3+ Ke6 36. Qxh2 Bxb4
37. Qxh6 $14 {is better for White, but I am not sure if he is winning.}) 30.
Qf8+ Kd7 31. Qxd6# 1-0

[Event "1st New York Masters"]
[Site "New York"]
[Date "2002.03.19"]
[Round "4"]
[White "Furdzik, Rafal"]
[Black "Lapshun, Yury"]
[Result "1/2-1/2"]
[WhiteElo "2249"]
[BlackElo "2384"]
[PlyCount "67"]
[EventDate "2002.03.19"]
[SourceDate "2002.01.21"]

1. e4 c5 2. Nf3 d6 3. Bb5+ Nc6 4. c3 a6 5. Ba4 b5 6. Bc2 Bg4 7. h3 Bxf3 8. Qxf3
g6 9. O-O Bg7 10. a4 e6 11. axb5 axb5 12. Rxa8 Qxa8 13. Na3 Qb8 14. Qe2 b4 15.
Qa6 Nge7 16. Ba4 Kd7 17. Nc4 Kc7 18. d4 cxd4 19. cxd4 Bxd4 20. Nxd6 Kxd6 21.
Rd1 Ke5 22. Bxc6 Qb6 23. Qxb6 Bxb6 24. Bb7 Rd8 25. Rxd8 Bxd8 26. Be3 Kd6 27.
Kf1 Kc7 28. Ba6 Nc6 29. f4 e5 30. fxe5 Nxe5 31. Ke2 Kc6 32. Bf4 Bf6 33. Bxe5
Bxe5 34. b3 1/2-1/2

[Event "1st New York Masters"]
[Site "New York"]
[Date "2002.03.19"]
[Round "4"]
[White "Shahade, Gregory"]
[Black "Sarkar, Justin"]
[Result "1-0"]
[WhiteElo "2515"]
[BlackElo "2410"]
[PlyCount "71"]
[EventDate "2002.03.19"]
[SourceDate "2002.01.21"]

1. e4 c5 2. Nf3 d6 3. d4 cxd4 4. Nxd4 Nf6 5. Nc3 a6 6. Be3 e6 7. f3 b5 8. g4 h6
9. Qd2 Bb7 10. O-O-O Nbd7 11. h4 b4 12. Na4 Qa5 13. b3 Nc5 14. a3 Rc8 15. axb4
Nxb3+ 16. Nxb3 Qxa4 17. Kb2 d5 18. c3 dxe4 19. Ra1 Qd7 20. Qxd7+ Nxd7 21. Na5
Bd5 22. Bxa6 Ra8 23. Bb5 exf3 24. c4 Bxb4 25. cxd5 Rxa5 26. Rxa5 Bxa5 27. dxe6
fxe6 28. Rd1 O-O 29. Bxd7 f2 30. Bxe6+ Kh8 31. Bc4 Rf3 32. Ra1 Rxe3 33. Rxa5
Re4 34. Ra8+ Kh7 35. Bg8+ Kg6 36. Ra6+ 1-0

[Event "3rd New York Masters"]
[Site "New York"]
[Date "2002.04.02"]
[Round "1"]
[White "Grechikhin, Vladimir"]
[Black "Shahade, Gregory"]
[Result "0-1"]
[WhiteElo "2211"]
[BlackElo "2454"]
[PlyCount "70"]
[EventDate "2002.04.02"]
[SourceDate "2002.01.21"]

1. Nf3 c5 2. c4 b6 3. Nc3 Nf6 4. e3 Bb7 5. Be2 e6 6. d4 d5 7. O-O Be7 8. cxd5
Nxd5 9. Bb5+ Bc6 10. Bxc6+ Nxc6 11. e4 Nxc3 12. bxc3 O-O 13. d5 exd5 14. exd5
Na5 15. Bf4 Bf6 16. Rc1 c4 17. d6 Qd7 18. Qd5 Rad8 19. Rfd1 Rfe8 20. Be5 Re6
21. Bg3 Nb7 22. Nd4 Bxd4 23. Rxd4 b5 24. h3 h6 25. Rcd1 Rc8 26. Qf3 Nc5 27. a4
Nxa4 28. Rg4 a5 29. Rd5 b4 30. Rxa5 b3 31. Ra8 b2 32. Rxc4 b1=Q+ 33. Kh2 Nb6
34. Rc7 Qxc7 35. dxc7 Nxa8 0-1

[Event "3rd New York Masters"]
[Site "New York"]
[Date "2002.04.02"]
[Round "1"]
[White "Stamnov, Aleksander"]
[Black "Schmaltz, Roland"]
[Result "0-1"]
[WhiteElo "2247"]
[BlackElo "2534"]
[PlyCount "78"]
[EventDate "2002.04.02"]
[SourceDate "2002.01.21"]

1. e4 d6 2. d4 Nf6 3. Nc3 Nbd7 4. Nf3 e5 5. Bc4 Be7 6. dxe5 dxe5 7. O-O O-O 8.
Qe2 c6 9. a4 b6 10. Rd1 Qc7 11. Bg5 h6 12. Bxf6 Bxf6 13. Qe3 a6 14. Ne2 Kh7 15.
b4 g6 16. h4 Kg7 17. h5 Be7 18. c3 Nf6 19. hxg6 fxg6 20. Nh2 a5 21. Rdb1 Bb7
22. Be6 Rad8 23. Ng3 axb4 24. cxb4 Rd4 25. Nf3 Rxb4 26. Nh4 Nh7 27. Rxb4 Bxb4
28. Ra2 Ng5 29. Bf5 gxf5 30. Ngxf5+ Kh7 31. Qe2 Qf7 32. Ra1 Bc8 33. g4 Bc5 34.
Kg2 Ne6 35. Kg3 Nf4 36. Qb2 Qf6 37. Rh1 Nd3 38. Qd2 Nxf2 39. Ng6 Nxh1+ 0-1

[Event "3rd New York Masters"]
[Site "New York"]
[Date "2002.04.02"]
[Round "2"]
[White "Benen, Samson"]
[Black "Lapshun, Yury"]
[Result "1-0"]
[WhiteElo "2223"]
[BlackElo "2384"]
[PlyCount "103"]
[EventDate "2002.04.02"]
[SourceDate "2002.01.21"]

1. d4 Nf6 2. c4 e6 3. Nf3 Bb4+ 4. Bd2 Qe7 5. g3 O-O 6. Bg2 a5 7. O-O Bxd2 8.
Qxd2 d6 9. Nc3 Nc6 10. h3 Bd7 11. e4 e5 12. Rfe1 Qd8 13. Rad1 Qc8 14. Kh2 Rd8
15. Rc1 b6 16. Nd5 Nxd5 17. cxd5 Nxd4 18. Nxd4 exd4 19. Qxd4 a4 20. e5 dxe5 21.
Rxe5 Ra5 22. Re7 Re8 23. Rxe8+ Bxe8 24. Qxb6 Rb5 25. Qxc7 Qxc7 26. Rxc7 Rb6 27.
Rc2 Kf8 28. g4 g5 29. Kg3 Bb5 30. f4 h6 31. Kf3 Ke7 32. Ke4 Kd6 33. fxg5 hxg5
34. Rf2 Ke7 35. Kd4 Bd7 36. Bf1 f6 37. Kc5 Rb8 38. d6+ Kf7 39. Bc4+ Be6 40.
Bxe6+ Kxe6 41. Re2+ Kd7 42. Re7+ Kd8 43. Ra7 Rxb2 44. Rxa4 Rh2 45. Kd5 Rxh3 46.
Ke6 Re3+ 47. Kxf6 Rd3 48. Ke6 Re3+ 49. Kf5 Rd3 50. Kxg5 Rxd6 51. Re4 Ra6 52.
Re2 1-0

[Event "3rd New York Masters"]
[Site "New York"]
[Date "2002.04.02"]
[Round "2"]
[White "Shahade, Gregory"]
[Black "Novikov, Igor A"]
[Result "1-0"]
[WhiteElo "2515"]
[BlackElo "2685"]
[Annotator "Shahade, G"]
[PlyCount "59"]
[EventDate "2002.04.02"]
[SourceDate "2002.01.21"]

1. e4 c5 2. Nf3 d6 3. d4 cxd4 4. Nxd4 Nf6 5. Nc3 a6 {Novikovs beloved Najdorf.
I had a feeling that we would be seeing a lot of the Najdorf from Igor in the
future weeks of this tournament} 6. Be3 {The main line.....and the one that
the top players are playing lately....they are always good to follow.} e6 7. f3
b5 8. g4 Nfd7 {Kasparovs recent idea.....to bring the knight to b6 and then
the b8 knight to d7. The point of this is that Nbd7 immediately is impossible
because of g5.} (8... Nbd7 $2 9. g5 $1) (8... h6 {This is the older main line.
The idea of Nfd7 is to simply omit the move ....h6 all together.}) 9. Qd2 Nb6
10. O-O-O {Of course in these lines white castles queenside and tries to
attack on the kingside. Meanwhile black castles kingside and attacks on the
queenside. These are everyones favorite types of games.} Bb7 11. Nb3 $5 {
This was the move I had planned. My sister mentioned it to me in passing once,
claiming that John Fedorowicz thought it was a strong move.....the idea is to
simply stick the knight on a5, and sometimes even on c5, due to the pin on the
d file.} Nc6 {
Already I have achieved a victory, as black usually places this knight on d7.}
(11... N8d7 12. Na5) 12. Qf2 {Now the big question.....what to do with the
knight? a4, c4 or d7?? You'd be surprised} Na4 $2 {This looks like a
GrandMaster type of move, boldly ignoring the possible doubled a pawns...
however there are some serious flaws behind it.} (12... Nc4 $2 {This looks
the natural reply but unfortunately the c pawn will eventually be lost.} 13.
Bxc4 bxc4 14. Nd2 Ne5 15. Qe2 $1 {With the idea of f4, and then winning the c4
pawn. Also if I get a knight on c4 it can be very well placed there, eyeing b6
and d6.}) (12... Nd7 $1 {The wimpiest looking move turns out to be the best
choice! Of course during the game I didn't even consider that Novikov would
play this, but now there is no immediate way for white to claim an advantage.})
13. Nxa4 bxa4 14. Nc5 $1 a3 $5 {tricky move.....he made it so quickly I
worried that it was some kind of home analysis.} 15. b3 $1 {calm reaction...my
plan is to eventually win the a3 pawn with ideas like Kb1, Bc1 and Bxa3} (15.
Nxb7 $6 axb2+ 16. Kb1 Qc7 {I'm up a piece but not for long....the knight is
trapped and black has a fine position}) 15... Bc8 16. Na4 {Unpleasantly eyeing
b6. Now whites plan is Nb6-c4...c4 is a dream square for the knight} Rb8 (16...
Qf6 17. Kb1 {idea Bc1-a3}) 17. Kb1 (17. Bc5 $2 Qf6 $13) 17... Be7 $2 {
A blunder in a very difficult position. Black had no effective way to stop
whites simple plan ofBc1xa3} 18. Bb6 $1 {I was sitting there considering this
move for a while...my plan was to play Bc5 after Qd7. I didnt want to play Bc5
right away because of Qa5 moves. You can imagine my delight when I realized
that Qd7 actually allows Nc5, winning the queen.} Bh4 (18... Qd7 19. Nc5 $1 $18
) 19. Bxd8 Bxf2 20. Bc7 Rb7 21. Bxd6 Rd7 $18 22. Be2 $6 {a little sloppy,
however still enough to win comfortably.....white is going to win a 2nd pawn
very soon on a3.} (22. Bc4 $5) 22... Nd4 {
Somehow I totally overlooked this move....good thing it doesnt work} 23. Bc5
Nxe2 24. Bxf2 Rxd1+ 25. Rxd1 Bd7 26. Bb6 $1 {
Winning instantly. Whites threat is Rd2 and after the knight moves away Nc5.}
h5 27. Rd2 $1 (27. Nc5 $4 Nc3+) 27... hxg4 (27... Nf4 28. Nc5 $18) 28. Rxe2
gxf3 (28... g3 29. Bg1 (29. hxg3 $4 Rh1+)) 29. Rf2 Bxa4 30. bxa4 {And white soo
n won with the extra piece. So white got a pleasant position after 11.Nb3.
This was a major victory for me. I have taken Novikovs main opening and torn
it to shreds. How would he ever recover? Would he abandon the Najdorf and
begin to play the French defense? Or would he perhaps crush me like a bug next
week? Take a look.....} 1-0

[Event "3rd New York Masters"]
[Site "New York"]
[Date "2002.04.02"]
[Round "3"]
[White "Benen, Samson"]
[Black "Schmaltz, Roland"]
[Result "0-1"]
[WhiteElo "2223"]
[BlackElo "2534"]
[PlyCount "53"]
[EventDate "2002.04.02"]
[SourceDate "2002.01.21"]

1. d4 g6 2. c4 Bg7 3. Nf3 Nf6 4. Nc3 O-O 5. Bg5 c5 6. e3 cxd4 7. Nxd4 Nc6 8.
Be2 Qa5 9. Bxf6 Bxf6 10. Qd2 d6 11. O-O Bd7 12. Rfd1 Bg7 13. Rac1 Nxd4 14. exd4
Rfc8 15. a3 Qd8 16. b4 e6 17. c5 d5 18. a4 Qh4 19. Bb5 Bh6 20. Qd3 Bxb5 21.
Nxb5 Bxc1 22. Rxc1 Qe7 23. f4 a6 24. Nd6 Qxd6 25. cxd6 Rxc1+ 26. Kf2 Rd8 27. b5
0-1

[Event "3rd New York Masters"]
[Site "New York"]
[Date "2002.04.02"]
[Round "3"]
[White "Shahade, Gregory"]
[Black "Stripunsky, Alexander"]
[Result "1-0"]
[WhiteElo "2515"]
[BlackElo "2630"]
[PlyCount "111"]
[EventDate "2002.04.02"]
[SourceDate "2002.01.21"]

1. e4 g6 2. d4 Bg7 3. Nc3 c6 4. Nf3 d5 5. h3 Nf6 6. e5 Ne4 7. Nxe4 dxe4 8. Ng5
c5 9. Bc4 O-O 10. c3 cxd4 11. cxd4 b5 12. Bb3 Bb7 13. h4 Bd5 14. h5 Bxb3 15.
Qxb3 gxh5 16. Nxh7 Qxd4 17. Nxf8 Kxf8 18. Rxh5 Nc6 19. Be3 Qc4 20. Bh6 Qxb3 21.
axb3 Nd4 22. O-O-O Ne6 23. Bxg7+ Kxg7 24. Rh4 Rc8+ 25. Kb1 Kg6 26. Rxe4 Ng5 27.
Re3 Kf5 28. Rd7 e6 29. Rxa7 Rh8 30. Rb7 Rh2 31. Rg3 Rh1+ 32. Ka2 Rf1 33. f3 Rd1
34. Rxb5 Rd7 35. Rg4 Nh7 36. Rc4 Nf8 37. Rbc5 Ng6 38. g3 Rd8 39. b4 Ne7 40.
Rf4+ Kg6 41. Rf6+ Kg7 42. Rc7 Nd5 43. Rfxf7+ Kg6 44. Rb7 Ra8+ 45. Kb3 Ra1 46.
Rf6+ Nxf6 47. exf6 Kxf6 48. Rc7 Ke5 49. Rd7 Rg1 50. Rd3 Kf5 51. g4+ Kf4 52. b5
Rh1 53. b6 Rh7 54. Kb4 e5 55. Kb5 Rd7 56. Rxd7 1-0

[Event "3rd New York Masters"]
[Site "New York"]
[Date "2002.04.02"]
[Round "4"]
[White "Schmaltz, Roland"]
[Black "Shahade, Gregory"]
[Result "1/2-1/2"]
[WhiteElo "2580"]
[BlackElo "2515"]
[PlyCount "23"]
[EventDate "2002.04.02"]
[SourceDate "2002.01.21"]

1. e4 c5 2. Nf3 d6 3. d4 cxd4 4. Nxd4 Nf6 5. Nc3 a6 6. f4 e5 7. Nf3 Nbd7 8. Bd3
Be7 9. O-O O-O 10. Kh1 b5 11. fxe5 dxe5 12. Qe1 1/2-1/2

[Event "3rd New York Masters"]
[Site "New York"]
[Date "2002.04.02"]
[Round "4"]
[White "Stripunsky, Alexander"]
[Black "Benen, Samson"]
[Result "1/2-1/2"]
[WhiteElo "2542"]
[BlackElo "2223"]
[PlyCount "93"]
[EventDate "2002.04.02"]
[SourceDate "2002.01.21"]

1. e4 e5 2. Nf3 Nc6 3. Bb5 a6 4. Ba4 d6 5. Bxc6+ bxc6 6. d4 f6 7. Nc3 Be6 8.
Be3 Qb8 9. b3 Ne7 10. O-O Ng6 11. Ne2 Be7 12. c4 O-O 13. Ng3 Qb7 14. Nf5 Rae8
15. h4 d5 16. Nxe7+ Nxe7 17. Nd2 f5 18. exd5 cxd5 19. dxe5 f4 20. Bc5 Rf5 21.
Bxe7 Rxe7 22. Nf3 c5 23. Re1 d4 24. Qd2 Bf7 25. e6 Bh5 26. Qd3 Rf6 27. Re5 Bg6
28. Qe2 Qc6 29. Re1 Bf5 30. b4 Rfxe6 31. Qd2 Bg4 32. Rxe6 Rxe6 33. Ne5 Qe8 34.
Qxf4 d3 35. Qxg4 Rxe5 36. Rxe5 Qxe5 37. Qc8+ Kf7 38. Qd7+ Kf6 39. Qxd3 Qe1+ 40.
Kh2 Qxf2 41. Qd6+ Kf7 42. Qd5+ Kf6 43. Qd6+ Kf7 44. Qd7+ Kf6 45. Qd5 Qxh4+ 46.
Kg1 Qe1+ 47. Kh2 1/2-1/2

[Event "4th New York Masters"]
[Site "New York"]
[Date "2002.04.09"]
[Round "1"]
[White "D'Arruda, Ricardo D"]
[Black "Fernandez, John C"]
[Result "1/2-1/2"]
[WhiteElo "2442"]
[BlackElo "2104"]
[PlyCount "99"]
[EventDate "2002.04.09"]
[SourceDate "2002.01.21"]

1. d4 f5 2. Nf3 Nf6 3. g3 d6 4. Bg2 g6 5. O-O Bg7 6. c4 O-O 7. Nc3 Nc6 8. d5
Ne5 9. Nxe5 dxe5 10. c5 h6 11. Qb3 Kh8 12. Bd2 e6 13. d6 cxd6 14. c6 bxc6 15.
Bxc6 Bd7 16. Bxa8 Qxa8 17. Qa3 d5 18. Na4 Bc6 19. Nc5 Re8 20. f3 d4 21. Rac1 e4
22. Na6 Qb7 23. Qc5 Qxa6 24. Qxc6 Qxe2 25. Rf2 Qd3 26. fxe4 Qxe4 27. Qb5 Qd5
28. Qa4 Re7 29. Qa5 Qxa5 30. Bxa5 Ne4 31. Rfc2 d3 32. Rc8+ Kh7 33. Rd8 Bxb2 34.
Rb1 Rb7 35. Kg2 Rb5 36. Rxd3 Rxa5 37. Rd7+ Bg7 38. Rbb7 Rxa2+ 39. Kf1 h5 40.
Rxg7+ Kh6 41. h4 Nxg3+ 42. Ke1 Ra1+ 43. Kd2 Ne4+ 44. Ke3 g5 45. Rh7+ Kg6 46.
Rbg7+ Kf6 47. Rf7+ Ke5 48. hxg5 Nxg5 49. Rxa7 Rxa7 50. Rxa7 {
In a mad time scramble finale the game ended in a draw.} 1/2-1/2

[Event "4th New York Masters"]
[Site "New York"]
[Date "2002.04.09"]
[Round "2"]
[White "Fernandez, John C"]
[Black "Lapshun, Yury"]
[Result "0-1"]
[WhiteElo "2104"]
[BlackElo "2457"]
[PlyCount "60"]
[EventDate "2002.04.09"]
[SourceDate "2002.01.21"]

1. e4 c5 2. Nf3 d6 3. d4 cxd4 4. Nxd4 Nf6 5. Nc3 a6 6. Be2 e5 7. Nb3 Be7 8. O-O
Qc7 9. Kh1 Be6 10. f4 Nbd7 11. g4 Nb6 12. g5 Nfd7 13. f5 Bc4 14. Bxc4 Qxc4 15.
Be3 Na4 16. Qd5 Nxb2 17. Bd2 Qxd5 18. Nxd5 Rc8 19. f6 gxf6 20. gxf6 Bd8 21. Bh6
Nc4 22. Rad1 Ndb6 23. Rf2 Nxd5 24. Rxd5 Bb6 25. Rg2 Kd7 26. Rg7 Ke6 27. Rd1 Bd8
28. Rf1 Bxf6 29. Rg3 Rhg8 30. Rgf3 Rg6 0-1

[Event "4th New York Masters"]
[Site "New York"]
[Date "2002.04.09"]
[Round "2"]
[White "Yudasin, Leonid"]
[Black "Schmaltz, Roland"]
[Result "0-1"]
[WhiteElo "2564"]
[BlackElo "2559"]
[PlyCount "84"]
[EventDate "2002.04.09"]
[SourceDate "2002.01.21"]

1. e4 d6 2. d4 Nf6 3. Nc3 Nbd7 4. Be3 e5 5. f3 c6 6. Nge2 b5 7. a3 Qc7 8. Ng3
h5 9. Bd3 h4 10. Nge2 h3 11. g3 Be7 12. Qd2 a6 13. a4 Rb8 14. axb5 axb5 15. O-O
b4 16. Nd1 c5 17. dxc5 Nxc5 18. b3 Be6 19. Nb2 d5 20. exd5 Nxd5 21. Bf2 O-O 22.
Bc4 Rfd8 23. Nd3 Nf6 24. Bxe6 Nxe6 25. Ra7 Rb7 26. Rxb7 Qxb7 27. Qe3 Ng4 28.
Qe4 Qxe4 29. fxe4 Ng5 30. Be1 Ne3 31. Bd2 Nxf1 32. Bxg5 Bxg5 33. Kxf1 Be3 34.
Ke1 f6 35. Nb2 Ra8 36. Na4 Rc8 37. Kd1 Rd8+ 38. Ke1 Rd2 39. c3 Ra2 40. Kd1 bxc3
41. Naxc3 Rb2 42. Nd5 Bc5 0-1

[Event "4th New York Masters"]
[Site "New York"]
[Date "2002.04.09"]
[Round "3"]
[White "Lapshun, Yury"]
[Black "Shahade, Gregory"]
[Result "1/2-1/2"]
[WhiteElo "2460"]
[BlackElo "2515"]
[PlyCount "64"]
[EventDate "2002.04.09"]
[SourceDate "2002.01.21"]

1. d4 Nf6 2. Nf3 g6 3. Bg5 Bg7 4. Nbd2 O-O 5. c3 d6 6. e4 c5 7. dxc5 dxc5 8.
Be2 Nc6 9. O-O Qc7 10. Qc2 b6 11. Rfe1 Be6 12. a4 Rfd8 13. Nc4 Ng4 14. h3 Nge5
15. Nfxe5 Nxe5 16. Nxe5 Bxe5 17. Rad1 Bf4 18. Bxf4 Qxf4 19. Bf1 Qc7 20. Rxd8+
Rxd8 21. Rd1 Kg7 22. g3 Rxd1 23. Qxd1 Qc6 24. Qc2 Qd7 25. h4 Bg4 26. Bb5 Qd6
27. Qd3 Qe5 28. f4 Qc7 29. Kf2 e5 30. Qd2 Qe7 31. fxe5 Qxe5 32. Qf4 Qxf4+
1/2-1/2